000 00645cam a2200145 4500500
005 20251228082905.0
041 _afre
042 _adc
100 1 0 _aVignal-Souleyreau,
_eauthor
245 0 0 _aInventaire dressé après le décès en 1661 du cardinal Mazarin, transcrit par Tomiko Yoshida-Takeda, établi par Claudine Lebrun-Jouve, Paris, Diffusion de Boccard, 2004. Un vol. 22,5 × 28 cm de 467 p.
260 _c2005.
500 _a64
786 0 _nDix-septième siècle | 228 | 3 | 2005-09-01 | p. 563g-574g | 0012-4273
856 4 1 _uhttps://shs.cairn.info/revue-dix-septieme-siecle-2005-3-page-563g?lang=fr&redirect-ssocas=7080
999 _c1600025
_d1600025